| 000 | 00803cam a2200253 4500 | ||
|---|---|---|---|
| 001 | ABS64267 | ||
| 008 | 010808n2001 000 0 eng u | ||
| 035 | _a(Sirsi) u114034 | ||
| 100 | _aRice, P. | ||
| 245 | _aGreen health check list | ||
| 260 | _c2001 | ||
| 490 |
_aEstates Gazette _v(0129) 21 July 2001, 114-115(2) |
||
| 520 | _aThis article outlines efficient assessment of potential liability of contaminated land, appointing an environmental consultant and reviewing his report and giving strategic advice. | ||
| 590 | _aABS | ||
| 650 | _aCONTAMINATED LAND | ||
| 650 | _aASSESSMENTS | ||
| 650 | _aBROWNFIELD LAND | ||
| 650 | _aLIABILITY | ||
| 650 | _aENVIRONMENTAL INSURANCE | ||
| 650 | _aREDEVELOPMENT | ||
| 650 | _aREPORTS | ||
| 690 | _aENVIRONMENT-CONTAMINATION | ||
| 942 | _n0 | ||
| 999 |
_c67968 _d67968 |
||